000
00224nam a22000977a 4500
082
_a
823
_b
SHA/W
100
_a
SHARMA,ASHOK KUMAR
245
_a
WORLD-FAMOUS GHOST
246
_a
SHARMA,ASHOK KUMAR
_b
SHARMA,ASHOK KUMAR
942
_c
BK
999
_c
8164
_d
8164